Nicaragua: en defensa de la autodeterminación y la soberanía

Gardado en:
Detalles Bibliográficos
Autor Principal: Villagra G., William
Formato: Texto
Publicado: Panamá
Etiquetas: Engadir etiqueta
Sen Etiquetas, Sexa o primeiro en etiquetar este rexistro!

MARC

LEADER 00000 a a2200000 04500
001 21564
003
040
090 |a 095600  
100 |a Villagra G., William  
245 |a Nicaragua: en defensa de la autodeterminación y la soberanía  
260 |a Panamá  
300 |a 11 p.  
999 |c 10658  |d 10658